| 000 | 01110cam a2200313 a 4500 | ||
|---|---|---|---|
| 090 | _c0 | ||
| 001 | 3999849 | ||
| 005 | 19971006143349.6 | ||
| 008 | 960816s1997 nyua 001 0 eng | ||
| 010 | _a 96041060 | ||
| 020 | _a0070603634 (pbk. : acidfree paper) | ||
| 040 |
_aDLC _cDLC _dDLC |
||
| 050 | 0 | 0 |
_aTK5105.5 _b.S66 1997 |
| 082 | 0 | 0 |
_a004.6 _220 _bSPO |
| 100 | 1 | _aSpohn, Darren L. | |
| 245 | 1 | 0 |
_aData Network Design / _cDarren L. Spohn. |
| 250 | _a2nd ed. | ||
| 260 |
_aNew York : _bMcGraw-Hill, _cc1997. |
||
| 300 |
_axxxv, 983 p. : _bill. ; _c24 cm. |
||
| 440 | 0 | _aMcGraw-Hill series on computer communications | |
| 500 | _aIncludes index. | ||
| 650 | 0 | _aComputer networks. | |
| 650 | 0 | _aComputer network protocols. | |
| 650 | 0 |
_aComputer networks _xStandards. |
|
| 650 | 0 | _aComputer network architectures. | |
| 942 |
_2ddc _cBB |
||
| 999 |
_c10528 _d10528 |
||